000 00576nam a2200241Ia 4500
003 OSt
005 20220924152536.0
006 a|||||r|||| 00| 0
007 ta
008 220923b |||||||| |||| 00| 0 mar d
020 _c2.00
024 _a342988
037 _cTextual
040 _aARTS
_cARTS
_bmar
041 _2mar
_amar
082 _aV235.1w97, 155K0
100 _aDixit M.S.
_9226922
245 0 _aJijamata
260 _c1960
650 _aHISTORY
942 _hV235.1w97, 155K0
_cTEXL
_2CC
999 _c470149
_d470149